Statistics for Biggest Cities on the Côte d'Azur

Click here to take the quiz!

General Stats

  • This quiz has been taken 58 times
  • The average score is 5 of 12

Answer Stats

HintAnswer% Correct
340kNice
96%
73kCannes
85%
38kMonaco
80%
171kToulon
62%
72kAntibes
51%
52kFréjus
33%
55kHyères
31%
50kCagnes-sur-Mer
27%
35kSaint-Raphaël
24%
63kLa Seyne-sur-Mer
20%
35kLa Ciotat
15%
33kSix-Fours-les-Plages
13%

Score Distribution

Percentile by Number Answered

Percent of People with Each Score

Your Score History

You have not taken this quiz